书目信息 |
| 题名: |
人体中的“石头”
|
|
| 作者: | 严忠浩 著 | |
| 分册: | ||
| 出版信息: | 北京 科学出版社 1999.05 |
|
| 页数: | 114页 | |
| 开本: | 32开 | |
| 丛书名: | ||
| 单 册: | ||
| 中图分类: | R364.2 | |
| 科图分类: | ||
| 主题词: | 病理学 | |
| 电子资源: | ||
| ISBN: | 7-03-007117-4 | |
| 000 | 00544nam0 2200193 45 | |
| 001 | 0012191581 | |
| 005 | 20001219153953.4 | |
| 010 | @a7-03-007117-4@d6.00元 | |
| 100 | @a20001219d1999 km y0chiy0120 ea | |
| 101 | 0 | @achi |
| 105 | @a z 000yy | |
| 200 | 1 | @a人体中的“石头”@ARen Ti Zhong De“Shi Tou”@f严忠浩等著@FYan Zhong Hao Deng Zhu |
| 210 | @a北京@c科学出版社@d1999.05 | |
| 215 | @a114页@d32开 | |
| 606 | 0 | @a病理学 |
| 690 | @aR364.2@v3 | |
| 701 | 0 | @a严忠浩@4著 |
| 801 | @aCN@bPftUser@c20001219 | |
| 905 | @b309147-151@dR364.2@eY311@f5 | |
| 人体中的“石头”/严忠浩等著.-北京:科学出版社,1999.05 |
| 114页;32开 |
| ISBN 7-03-007117-4:6.00元 |
| ● |
| 相关链接 |
|
|
|
正题名:人体中的"石头"
索取号:R364.2/Y311
 
预约/预借
| 序号 | 登录号 | 条形码 | 馆藏地/架位号 | 状态 | 备注 |
| 1 | 309147 | 203091475 | 自科库401/401自科库 14排4列5层/ [索取号:R364.2/Y311] | 在馆 | |
| 2 | 309148 | 203091484 | 自科库401/401自科库 14排4列5层/ [索取号:R364.2/Y311] | 在馆 | |
| 3 | 309149 | 203091493 | 自科库401/401自科库 14排4列5层/ [索取号:R364.2/Y311] | 在馆 | |
| 4 | 309150 | 203091509 | 自科库401/401自科库 14排4列5层/ [索取号:R364.2/Y311] | 在馆 | |
| 5 | 309151 | 203091518 | 自科库401/401自科库 14排4列5层/ [索取号:R364.2/Y311] | 在馆 |